Władysław Luszczkiewicz

Titel: Władysław Luszczkiewicz
Verfasser:
In: Rocznik krakowski, Band 5 (1902), Seite 1-46
alle Artikel anzeigen
Veröffentlicht: 1902
Format: Aufsatz
Sprache: Polnisch
Schlagworte:
Kein Bild verfügbar
X
alg: 39180893
001A    $01999:11-11-16 
001B    $03025:10-02-26 $t10:48:06.000 
001C    $06050:19-11-16 $t09:12:19.000 
001D    $01999:11-11-16 
001U    $0utf8 
001X    $00 
002@    $0Aox 
003@    $0391808931 
007A    $0391808931 $aHEB 
007T    $0Herda07896 
010@    $apol 
011@    $a1902 
013D    $RBiograf $RLebenslauf $RBiografik $#Biography $#Biography as a literary form $#Biographies $#Biografie $#Biografía $#biographies $#Biographie $#Biographie $#Biographie $#Biographisches Nachschlagewerk $#Lebensbeschreibung $#Berühmte Persönlichkeit Biografie $#Biografisches Nachschlagewerk $74006804-3 $8Biografie [Tsz] $9085010375 
013D    $RVerzeichnis $RInformationsmittel $RKatalog $RLiteraturbericht $RNeuerwerbungsliste $RBibliograf $RBibliografin $#Bibliography, Critical $#Bibliography $#Bibliographie critique $#Bibliographie $#Bibliografia $#Bibliografía $#Bibliografías críticas $#bibliographies $#Bibliographie $#Bibliographie $#Literaturdokumentation $#Bibliographie $#Bibliographie der Bibliographien $#Bibliographie $#Abstract Formschlagwort $#Bücherverzeichnis $#Literaturdokumentation Formschlagwort $#Literaturverzeichnis $#Publikationen Formschlagwort $#Repertorium Bibliografie $#Werke Formschlagwort $#Bibliografien $#Bibliographien $74006432-3 $8Bibliografie [Tsz] $9085009210 
021A    $aWładysław Luszczkiewicz 
028A    $aTomkowicz $dStanisław 
031A    $d5 $h1-46 $j1902 
037A    $aEnthält Personalbibliographie mit 194 Positionen (Jahre 1856-1900) , S. 37-46 
039B    $aIn $8--Abvc--. Rocznik krakowski. - Kraków : Towarzystwo Miłośników Historii i Zabytków Krakowa, 1898-. - ISSN 0080-3499 $x190200000050000999 $9047602236 
044K    $#Luszczkiewicz, Wladislaus $714321389X $8Łuszczkiewicz, Władysław$Z1828-1900 [Tp1] $9230102204 
045T    $aOST $qDE-12 $2FID 
045T    $a9,10 $a7,41 

lok: 39180893 78

exp: 39180893 78 1 #EPN
201B/01 $026-11-17 $t23:22:54.000 
201U/01 $0utf8 
203@/01 $0787904023 
208@/01 $a11-11-16 $be 
209A/01 $a/ $f000 $x00 
244Z/01 $2Trx $#Poola $#Lenkija $#Polija $#Polen Land $#Poland $#Lengyelország $#Poľsko $#Polsko $8--Trx--Polska$gkraj $x01 $9391345966 
244Z/01 $#Krakau $#Kraków $#Krakow $#Cracovie $#Cracovia $#Cracow $#Krakoi $#Krakov $#Cracov $74073760-3 $8--Tg1--Krakau $x02 $9085207705 
244Z/01 $2Trx $8--Trx--Zeitschriftenaufsatz $x03 $9391384341 
247C/01 $82080>Marburg/Lahn, Herder-Institut, Forschungsbibliothek, Bibliographieportal $9336309341
LEADER 00000caa a22000002c 4500
001 391808931
003 DE-603
005 20260210104806.0
007 tu
008 161111s1902 xx |||| | u00||u|pol c
035 |a (DE-599)HEB391808931 
040 |a DE-603  |b ger  |c DE-603  |d DE-603 
041 |a pol 
084 |a OST  |q DE-12  |2 fid 
084 |a 9,10  |a 7,41  |2 ssgn 
100 1 |a Tomkowicz, Stanisław 
245 0 0 |a Władysław Luszczkiewicz 
264 0 |c 1902 
500 |a Enthält Personalbibliographie mit 194 Positionen (Jahre 1856-1900) , S. 37-46 
600 1 7 |a Łuszczkiewicz, Władysław  |d 1828-1900  |0 (DE-588)14321389X  |0 (DE-603)230102204  |2 gnd 
655 7 |a Biografie  |2 gnd-content  |0 (DE-588)4006804-3  |0 (DE-603)085010375 
655 7 |a Bibliografie  |2 gnd-content  |0 (DE-588)4006432-3  |0 (DE-603)085009210 
773 0 8 |i In  |t Rocznik krakowski  |d Kraków : Towarzystwo Miłośników Historii i Zabytków Krakowa, 1898-  |x 0080-3499  |g Band 5 (1902), Seite 1-46  |w (DE-603)047602236  |w (DE-600)419606-5 
924 0 |9 2080  |a (DE-603)787904023  |b DE-2080  |c HES  |d d  |g /